000 01229nam0a22002891 4500
001 RU\INFOCOMM_327\NLR\5000013065
005 20250613104115.0
035 _a(NLR Aleph) 009486770
090 _a8622634
_c8622634
100 _a20121212d1966 |||y0rusy50 ca
101 0 _aeng
102 _aRU
105 _ay z |||||
200 1 _aTwo long-span suspended roofs for Warsaw
_fBohdan Koy
_gSymposium on problems of interdependence of design and construction of large-span shells for industrial and civic buildings ... Leningrad, 6-9 Sept. 1966. Theme 1. Design of roof shells for industrial and civic buildings
210 _a[M.]
_d1966
215 _a14 с.
_cил.
_d21 см
309 _aОтпеч. множит. аппаратом
606 0 _aПромышленные здания
_xПокрытия висячие
_91897352
_3RU\NLR\AUTH\66863426
620 _aМосква
686 _aТ28-630
_2rubbk
700 1 _aKoy
_bB.
_gBohdan
712 1 2 _aSymposium on problems of interdependence of design and construction of large-span shells for industrial and civic buildings
_eLeningrad
_f1966
_4570
801 1 _aRU
_bNLR
_c20121212
801 0 _aRU
_bINFOCOMM
_gPSBO
852 _aNLR
_jТ81 Г-4/173
942 _cBOOK
980 _aNB